000 00660nam a2200169 a 4500
001 000040311
005 20201002034041.0
008 130802s2006 mx 000 0 spa d
020 _a9703241395
040 _aDO-SdBNP
_bspa
_cBNPHU
100 1 _aSerrano Migallón, Fernando
_966599
245 1 0 _aSeñas de identidad :
_bdiscurso de ingreso a la Academia Mexicana de la Lengua, respuesta de José G. Moreno de Alba /
_cFernando Serrano Migallón.
260 _aMéxico :
_bUniversidad Nacional Autónoma de México,
_c2006.
300 _a86 p. ;
_c18 cm.
700 1 _aMoreno de Alba, José G.
_966210
710 2 _aUniversidad Nacional Autónoma de México
_942447
999 _c39801
_d39801